[Event "Guimaraes Open 2019"]
[Site "Guimaraes"]
[Date "2019.08.31"]
[Round "6.24"]
[White "Furtado, Dinis Galvao"]
[Black "Lopez Quevedo, Eduardo"]
[Result "0-1"]
[WhiteElo "1775"]
[BlackElo "2188"]
[Annotator "TA"]
[PlyCount "114"]
[EventDate "2019.08.28"]
[EventType "swiss"]
[EventCountry "POR"]
[SourceTitle "playchess.com"]
[Source "ChessBase"]
[SourceQuality "1"]

{[%evp 12,114,3,-12,0,-45,-9,-48,0,-48,-53,-71,-62,-91,-87,-89,-54,-113,-99,-103,-87,-83,-82,-90,-53,-92,-68,-79,-51,-99,-99,-93,-98,-120,-108,-114,-96,-98,-94,-105,-100,-115,-106,-81,-75,-63,-50,-41,-52,-22,0,-54,-52,-91,-113,-368,-379,-360,-352,-474,-32,-31,-1,-134,-113,-364,-202,-215,-167,-298,-85,-591,-521,-547,-569,-29968,-29969,-6211,-5724,-1848,-392,-312,-251,-393,-401,-339,-68,-69,0,0,0,0,0,-1545,-757,-29979,-29979,-29984,-29985,-29989,-29990,-29991,-29992,-29992,-29993]} 1. Nf3 g6 2. g3 Bg7 3. Bg2 e5 4. d3 d5 5. O-O Ne7 6. e4 O-O 7. Nbd2 c5 {A07: Réti Opening: New York and Capablanca Systems} (7... Nbc6 8. c3 a5 9. Qc2 h6 10. b3 Be6 11. a3 Qd7 12. Bb2 dxe4 13. dxe4 Nc8 14. Rfd1 Qe7 15. a4 Rd8 16. Nf1 Nb6 {0-1 (39) Lenic,L (2646)-Caruana,F (2807) Tbilisi 2017}) 8. Re1 {next exd5 is good for White.} Nbc6 9. c3 h6 {Black is slightly better.} 10. Nf1 Be6 11. Qc2 Rc8 12. Qe2 $146 ({Predecessor:} 12. Bd2 Qd7 13. Rad1 Rfd8 14. h4 Rc7 15. N3h2 Qc8 16. Bc1 b5 {½-½ (55) Ziogaite,J (2045)-Lapienis,D (2292) Lithuania 2007}) 12... Qd7 13. Bd2 b5 14. Rad1 (14. exd5 $15 Nxd5 15. Bc1) 14... d4 $17 15. b3 dxc3 16. Bxc3 Rfd8 17. Ne3 f6 18. Rd2 Nd4 19. Qd1 h5 20. Ba5 Re8 21. Bc3 Bh6 22. Kh1 Rc6 23. Rf1 b4 24. Ba1 Bg4 (24... Kg7 {keeps more tension.} 25. Nh4 Qc7 26. Bb2 Bg4 27. Bf3 Nxf3 28. Nxf3 Rd8) 25. Nxg4 hxg4 ({Reject} 25... Qxg4 $6 26. Nxd4 Qxd1 27. Rdxd1 $11) (25... Bxd2 $2 26. Ngxe5 fxe5 27. Nxe5 $18) 26. Nxd4 cxd4 27. Rc2 Rec8 28. Rc4 Rxc4 29. bxc4 Rc5 30. f4 Ra5 31. fxe5 (31. Qb3 $11) 31... fxe5 $15 32. Qe2 Be3 33. Rf6 $2 {[%mdl 8192]} (33. Rb1 $17 {keeps fighting.}) 33... Kg7 $19 (33... b3 34. Bxd4 Bxd4 35. axb3 $19) 34. Rf1 Ra3 35. Bf3 Ng8 $2 (35... gxf3 $19 36. Qxf3 Nf5 $1 {[%mdl 512]} 37. exf5 gxf5) 36. Bxg4 $15 Qe7 37. h4 (37. Qc2 $11) 37... Nf6 $17 38. h5 $2 {[%mdl 8192]} (38. Bh3 $17) 38... Nxh5 (38... Nxg4 $142 39. Qxg4 Qg5 40. Qxg5 Bxg5 41. h6+ Kxh6) 39. Bxh5 $19 gxh5 40. Qxh5 (40. Rf5 {is a better defense.}) 40... Ra6 $2 (40... Qe6 $19 {and Black stays clearly on top.} 41. c5 Rxa2) 41. Qg4+ $2 {[%mdl 8192]} (41. Qe2 $17) 41... Rg6 42. Qf3 {[#]} Bf4 $1 {[%mdl 512]} 43. Rf2 (43. gxf4 Qh4+) 43... Bxg3 44. Rg2 Qh4+ 45. Kg1 Qg5 $2 (45... Qh3 46. c5 Bh2+ {[%mdl 64] Discovered Attack} 47. Kf2 Bg1+ $1 {[%mdl 512]} 48. Rxg1 Qxf3+ {[%mdl 64] Overworked Piece} 49. Kxf3 Rxg1) 46. Bb2 {White wants to play c5.} a5 $1 {[%cal Ba7a5,Ba5a4][%mdl 32]} 47. c5 {[#]} (47. a3 {was the only defense.} Qf6 48. Qxf6+ Kxf6 49. axb4 axb4 50. Kf1) 47... a4 $1 {[%cal Ra4a3] Strongly threatening ...a3.} 48. a3 {[#]} bxa3 $2 $40 {[%mdl 128] Black has some attack.} ({Black should play} 48... b3 $1 $19 49. c6 Qf4 50. Qxf4 exf4) 49. Bxa3 $15 Qf4 (49... Qh4 $1 $15) 50. Qxf4 $1 $11 exf4 {[%mdl 4096] Endgame KRB-KRB} 51. Kf1 $1 {[%cal Rf1e2] With the idea Ke2.} f3 52. Rc2 $2 {[%mdl 8192]} (52. Rg1 $11) 52... Bf4 (52... Rh6 $142 53. Kg1 Kf6) 53. Bc1 Be3 {Black mates.} 54. Bxe3 dxe3 55. Rc1 Rg2 56. c6 e2+ 57. Ke1 Rg1+ {Accuracy: White = 18%, Black = 50%.} 0-1

[Event "Guimaraes Open 2019"]
[Site "Guimaraes"]
[Date "2019.08.31"]
[Round "6.25"]
[White "Carbonell Sancho, Marc"]
[Black "Monteiro, Paulo Alexandre Gome"]
[Result "1-0"]
[WhiteElo "2187"]
[BlackElo "1818"]
[Annotator "TA"]
[PlyCount "53"]
[EventDate "2019.08.28"]
[EventType "swiss"]
[EventCountry "POR"]
[SourceTitle "playchess.com"]
[Source "ChessBase"]
[SourceQuality "1"]

{[%evp 17,53,43,85,82,115,97,127,112,181,181,187,185,170,187,178,184,209,214,441,429,442,442,423,250,454,547,527,540,764,765,762,765,2012,1882,1667,1513,29985,29986]} 1. e4 c5 2. Nf3 d6 3. d4 cxd4 4. Nxd4 Nf6 5. Nc3 g6 6. Be3 Bg7 7. f3 O-O 8. Qd2 Nc6 9. g4 Nd7 10. O-O-O {B76: Sicilian Dragon: Yugoslav Attack, 9 g4 and 9 0-0-0} (10. h4 Nb6 11. h5 Nxd4 12. Bxd4 Bxd4 13. Qxd4 g5 14. O-O-O f6 15. h6 Kh8 16. e5 fxe5 17. Qe3 Be6 18. Qxg5 {0-1 (43) Akopian,V (2615)-Kortschnoj,V (2605) Wijk aan Zee 1993}) 10... Nde5 {[#] ...Nxd4 is the strong threat.} 11. Be2 $1 Nxd4 12. Bxd4 {White is better.} Be6 {[#]} (12... b5 $16) 13. f4 $1 $18 Nc6 14. Bxg7 Kxg7 15. h4 Qa5 16. Kb1 b5 17. h5 ({Don't play} 17. Bxb5 $6 Bxa2+ 18. Nxa2 Qxb5 $16) 17... Rh8 $146 (17... b4 {was called for.}) ({Predecessor:} 17... b4) 18. Bxb5 Bxa2+ 19. Nxa2 Qxb5 20. h6+ (20. Qc3+ $142 f6 21. g5) 20... Kg8 $2 (20... Kf8 21. Rh3 (21. Qc3 Rg8 $16) 21... Na5) 21. Qc3 {[%csl Gh6][%cal Rc3g7]} f6 {[#]} 22. g5 $1 {[%mdl 512]} Qc5 {intending ...Qxc3.} (22... fxg5 23. Qg7#) 23. Qb3+ Kf8 24. gxf6 Na5 25. Qe6 Qc7 26. Nc3 {White threatens Nd5! and mate.} Rb8 {[#]} 27. Nd5 $1 {[%mdl 64] Double Attack. Accuracy: White = 89%, Black = 26%.} 1-0

[Event "Guimaraes Open 2019"]
[Site "Guimaraes"]
[Date "2019.08.31"]
[Round "6.26"]
[White "Giraldo Guerrero, Laureano"]
[Black "De Prado Rodriguez, Oscar Bruno"]
[Result "0-1"]
[WhiteElo "1763"]
[BlackElo "2155"]
[Annotator "TA"]
[PlyCount "52"]
[EventDate "2019.08.28"]
[EventType "swiss"]
[EventCountry "POR"]
[SourceTitle "playchess.com"]
[Source "ChessBase"]
[SourceQuality "1"]

{[%evp 9,76,44,56,41,62,55,66,68,60,62,54,29,35,-29,-20,-14,-10,0,0,0,0,-8,-4,-4,-2,-25,0,-7,22,-12,-20,-18,-11,-65,-70,-91,-38,-63,-56,-206,-203,-201,-157,-175,0,-189,-136,-237,-226,-300,-300,-351,-307,-306,-297,-513,-507,-506,-297,-381,-381,-516,-460,-559,-558,-513,-489,-1106,-1030]} 1. e4 d5 2. exd5 Qxd5 3. Nc3 Qd6 4. d4 Nf6 5. Nf3 g6 (5... Bg4 6. h3 Bh5 7. g4 Bg6 8. Ne5 Nbd7 9. Bf4 Nxe5 10. Bxe5 Qb6 11. Qf3 O-O-O 12. O-O-O e6 13. Bd3 Bb4 14. Bxg6 hxg6 {½-½ (55) Caruana,F (2828)-Moranda,W (2593) chess.com INT 2019}) 6. Be2 {B01: Scandinavian Defence} Bg7 7. O-O O-O 8. Nb5 {White is slightly better.} Qb6 9. a4 {And now a5 would win.} a5 10. Be3 $146 ({Predecessor:} 10. Re1 c6 11. Na3 Be6 12. Bc4 Bxc4 13. Nxc4 {½-½ (46) Van Tricht,M (2385)-Dessaules,P (2352) ICCF email 2015}) 10... Nd5 11. c4 ({White should try} 11. Bg5 $14) 11... Nxe3 $11 12. fxe3 c6 13. c5 Qd8 14. Na3 {[%cal Bb5a3,Ba3c4,Bc4d6][%mdl 32]} Bg4 15. Nc4 Nd7 16. Qc2 Qc7 17. Rad1 Bxf3 18. Bxf3 e5 19. Nd6 exd4 20. exd4 b6 21. Qc4 (21. Kh1 $11) 21... bxc5 $15 22. dxc5 Ne5 (22... Rab8 $17 23. b3 Rb4) 23. Qc2 Rab8 24. Be2 {[#]} (24. b3 $15) 24... Rxb2 $1 $19 {[%mdl 512]} 25. Qe4 (25. Qxb2 Nf3+) 25... Rb4 26. Qc2 {[#]} Rfb8 {Played: Rb4-b2} 0-1

[Event "Guimaraes Open 2019"]
[Site "Guimaraes"]
[Date "2019.08.31"]
[Round "6.27"]
[White "Goncalves, Samuel Jesus P"]
[Black "Torrijos Garcia, Borja"]
[Result "0-1"]
[WhiteElo "1679"]
[BlackElo "2153"]
[Annotator "TA"]
[PlyCount "94"]
[EventDate "2019.08.28"]
[EventType "swiss"]
[EventCountry "POR"]
[SourceTitle "playchess.com"]
[Source "ChessBase"]
[SourceQuality "1"]

{[%evp 9,94,0,0,0,0,-4,-9,-11,0,-35,-37,-82,-92,-88,-83,-102,-87,-85,-97,-113,-72,-152,-101,-100,-97,-118,-117,-116,-118,-122,-82,-139,-136,-139,-136,-182,-116,-119,-114,-114,-114,-114,-114,-114,-108,-114,-114,-114,-108,-125,-108,-108,-108,-115,-108,-109,-105,-105,-83,-83,-76,-83,-83,-115,-105,-114,-88,-88,-88,-88,-88,-88,-88,-88,-92,-237,-237,-418,-405,-365,-368,-404,-252,-252,-252,-250,-222]} 1. e4 c5 2. c4 Nc6 3. d3 e6 4. Nc3 Nf6 (4... g6 5. g3 Bg7 6. Bg2 d6 7. Nge2 Nge7 8. O-O O-O 9. Be3 Nd4 10. Qd2 Rb8 11. Bh6 Bxh6 12. Qxh6 Nxe2+ 13. Nxe2 b5 14. b3 Nc6 15. f4 Nd4 16. Nxd4 cxd4 17. g4 f5 18. exf5 exf5 {½-½ (18) Miezis,N (2547)-Leko,P (2720) Porto Carras 2011}) 5. Bf4 d6 6. Nf3 {A34: Symmetrical English: 2 Nc3, lines with ...d5} Be7 7. Be2 O-O 8. O-O {The position is equal.} a6 9. Bg3 $146 ({Predecessor:} 9. h3 Qa5 10. Bd2 Qc7 11. Be3 Bd7 12. d4 cxd4 13. Nxd4 Nxd4 14. Bxd4 Bc6 15. f3 Qa5 {1-0 (34) Granovskaya,E (1741)-Mikhailova,Y (1771) Sochi 2017}) 9... Nh5 10. Re1 Nxg3 11. hxg3 Bf6 12. Bf1 Rb8 13. Qd2 Bd7 14. Rad1 b5 {[%cal Bb7b5,Bb5b4][%mdl 32]} 15. b3 (15. Ne2 $142) 15... Bxc3 ({Black should try} 15... b4 16. Ne2 e5) 16. Qxc3 $17 e5 17. Nd2 b4 18. Qb2 a5 {[%cal Ba6a5,Ba5a4][%mdl 32]} 19. Be2 Nd4 20. Nf1 (20. Nf3 $142) 20... Ra8 21. Ne3 a4 22. Ra1 Ra6 (22... Qg5 $19 23. Nd5 Bc6) 23. Nc2 Nxc2 24. Qxc2 Qa8 25. Rab1 Qa7 26. f4 Ra8 27. f5 axb3 28. axb3 Ra2 29. Rb2 Qa3 30. Reb1 Rxb2 31. Rxb2 Qa1+ 32. Kf2 f6 33. Bf3 g6 34. g4 Be8 35. Qd2 Ra7 36. Rc2 Qd4+ 37. Qe3 Qxe3+ 38. Kxe3 {[%mdl 4096] Endgame KRB-KRB} Ra1 39. Rb2 Kg7 40. Kf2 Kh6 41. Kg3 Kg5 42. Be2 (42. Kf2 $17) 42... h5 43. Bf3 $2 {[#]} (43. gxh5 gxf5 44. exf5) 43... hxg4 $19 44. Bxg4 {If White can now play fxg6 this consolidates a bit.} gxf5 45. Bxf5 Bh5 46. Kf2 {[#]} Bg4 $1 47. Bxg4 Kxg4 {Accuracy: White = 50%, Black = 68%.} 0-1

[Event "Guimaraes Open 2019"]
[Site "Guimaraes"]
[Date "2019.08.31"]
[Round "6.28"]
[White "Santos, Jose Miguel Sereno"]
[Black "Patino Romaris, Juan Roberto"]
[Result "1/2-1/2"]
[WhiteElo "1749"]
[BlackElo "2141"]
[Annotator "TA"]
[PlyCount "81"]
[EventDate "2019.08.28"]
[EventType "swiss"]
[EventCountry "POR"]
[SourceTitle "playchess.com"]
[Source "ChessBase"]
[SourceQuality "1"]

{[%evp 9,81,-10,-8,-18,-19,0,15,0,10,0,0,-4,6,-4,14,7,0,6,19,-27,12,0,9,4,19,6,10,-13,-4,-6,59,59,55,43,58,40,31,41,42,33,46,22,56,56,54,35,70,70,70,70,70,70,69,62,73,66,73,62,97,93,102,48,48,48,48,48,48,48,48,0,48,0,48,0]} 1. e4 e6 2. d4 d5 3. Bd3 dxe4 4. Bxe4 Nf6 5. Bf3 c5 6. c3 {C01: French: Exchange Variation} (6. Ne2 Nc6 7. Be3 cxd4 8. Nxd4 Ne5 9. Nc3 a6 10. Qe2 Nxf3+ 11. Qxf3 e5 12. Nb3 Bb4 13. Bg5 h6 14. Rd1 {½-½ (31) Andriasian,Z (2604)-Martirosyan,H (2607) Yerevan 2019}) 6... Nc6 {[%cal Rc5d4]} 7. Ne2 e5 {[#] And now ...e4 would win.} 8. Bxc6+ {The position is equal.} bxc6 9. Qa4 exd4 10. cxd4 Qb6 11. Nbc3 $146 ({Predecessor:} 11. Be3 cxd4 12. Qxd4 Be6 13. Qxb6 axb6 14. Bxb6 {0-1 (40) Matkovic,T (2290)-Bilobrk,F (2370) Pula 1997}) 11... Be7 12. O-O O-O 13. Be3 cxd4 14. Bxd4 Qa6 15. Rfe1 c5 {[#] Threatens to win with ...Qxa4.} 16. Be5 Rd8 17. Rad1 Bb7 18. Ng3 Qxa4 19. Nxa4 Bd5 (19... Nd5 $11) 20. Nf5 $14 Bf8 21. Nc3 $36 {[%mdl 2048] White has good play.} Be6 22. Rxd8 Rxd8 23. Nh6+ gxh6 24. Bxf6 Rd3 25. a3 a6 26. Ne4 c4 27. Bc3 Be7 28. Nf6+ Bxf6 29. Bxf6 {[%mdl 4096] Endgame KRB-KRB} Kf8 30. Bc3 Ke7 31. f3 Kd6 32. Kf2 h5 33. Re4 f5 34. Rh4 Bf7 35. h3 (35. Rf4 $16) 35... Kc5 36. Rf4 Bg6 37. Ke2 Rd7 38. Bb4+ Kb5 39. Bc3 Kc5 40. Bb4+ Kb5 41. Bc3 {Accuracy: White = 51%, Black = 51%.} 1/2-1/2

[Event "Guimaraes Open 2019"]
[Site "Guimaraes"]
[Date "2019.09.01"]
[Round "6.29"]
[White "Gama, Joao Goncalo Cerejei"]
[Black "Rodrigues, Afonso"]
[Result "0-1"]
[WhiteElo "1642"]
[BlackElo "2134"]
[Annotator "RC"]
[PlyCount "146"]
[EventDate "2019.08.28"]
[EventType "swiss"]
[EventCountry "POR"]
[SourceTitle "playchess.com"]
[Source "ChessBase"]
[SourceQuality "1"]
[TimeControl "5400+30"]

1. e4 {[%emt 0:00:00]} e6 {[%emt 0:00:00]} 2. d4 {[%emt 0:00:00]} d5 {[%emt 0:00:00]} 3. Nd2 {[%emt 0:00:00]} dxe4 {[%emt 0:00:00]} 4. Nxe4 {[%emt 0:00:10]} Bd7 {[%emt 0:00:00]} 5. Nf3 {[%emt 0:01:56]} Bc6 {[%emt 0:00:00]} 6. Bd3 {[%emt 0:00:38]} Nd7 {[%emt 0:00:11]} 7. c3 {[%emt 0:01:47]} Be7 {[%emt 0:08:05]} 8. Bf4 {[%emt 0:02:18]} Ngf6 {[%emt 0:00:52]} 9. Nxf6+ {[%emt 0:01:27]} Bxf6 {[%emt 0:02:39]} 10. O-O {[%emt 0:01:02]} Bxf3 {[%emt 0:12:55]} 11. Qxf3 {[%emt 0:01:27]} c6 {[%emt 0:00:37]} 12. Rfe1 {[%emt 0:05:48]} O-O {[%emt 0:16:15]} 13. Rad1 {[%emt 0:10:42]} Qb6 {[%emt 0:11:51]} 14. Qe2 {[%emt 0:02:18]} Rfd8 {[%emt 0:02:26]} 15. Qc2 {[%emt 0:02:09]} Nf8 {[%emt 0:01:47]} 16. Bg3 {[%emt 0:01:18]} Rac8 {[%emt 0:06:57]} 17. b4 {[%emt 0:03:15]} a5 {[%emt 0:04:28]} 18. a3 {[%emt 0:00:34]} axb4 {[%emt 0:00:27]} 19. axb4 {[%emt 0:00:06]} Ra8 {[%emt 0:00:46]} 20. Ra1 {[%emt 0:00:19]} Ra7 {[%emt 0:06:01]} 21. Qb2 {[%emt 0:06:35]} Rda8 {[%emt 0:01:17]} 22. Bd6 {[%emt 0:02:21]} Nd7 {[%emt 0:01:41]} 23. h3 {[%emt 0:01:41]} g6 {[%emt 0:00:46]} 24. Bc4 {[%emt 0:05:56]} Qd8 {[%emt 0:00:43]} 25. Bb3 {[%emt 0:02:24]} Ra6 {[%emt 0:03:58]} 26. Rxa6 {[%emt 0:01:16]} Rxa6 {[%emt 0:00:05]} 27. Ra1 {[%emt 0:00:23]} Rxa1+ {[%emt 0:03:39]} 28. Qxa1 {[%emt 0:00:06]} Nb6 {[%emt 0:00:20]} 29. Qa5 {[%emt 0:08:48]} Nd5 {[%emt 0:02:00]} 30. Qxd8+ {[%emt 0:00:06]} Bxd8 {[%emt 0:00:05]} 31. c4 {[%emt 0:00:23]} Nc3 {[%emt 0:00:39]} 32. Kf1 Ne4 {[%emt 0:01:26]} 33. Bf4 {[%emt 0:03:45]} Bf6 {[%emt 0:00:09]} 34. f3 {[%emt 0:04:48]} Nc3 {[%emt 0:02:07]} 35. Be3 {[%emt 0:00:49]} Be7 {[%emt 0:00:37]} 36. Bd2 {[%emt 0:03:32]} Bxb4 {[%emt 0:00:05]} 37. Bxc3 {[%emt 0:00:06]} Bxc3 {[%emt 0:00:04]} 38. d5 {[%emt 0:00:16]} cxd5 {[%emt 0:04:52]} 39. cxd5 {[%emt 0:00:04]} e5 {[%emt 0:00:05]} 40. Bc4 {[%emt 0:05:20]} Bb4 {[%emt 0:00:11]} 41. Ke2 {[%emt 0:00:24]} Kf8 {[%emt 0:00:08]} 42. g4 {[%emt 0:03:33]} Ke7 {[%emt 0:00:13]} 43. Kd3 {[%emt 0:03:42]} Kd6 {[%emt 0:00:11]} 44. Ke4 {[%emt 0:04:02]} Bd2 {[%emt 0:00:16]} 45. Bb3 {[%emt 0:01:56]} b5 {[%emt 0:00:21]} 46. Ba2 {[%emt 0:01:17]} f6 {[%emt 0:00:06]} 47. Kd3 {[%emt 0:01:31]} Ba5 {[%emt 0:00:43]} 48. Bb3 {[%emt 0:01:30]} Kc5 {[%emt 0:00:14]} 49. Ke4 {[%emt 0:01:12]} Bc7 {[%emt 0:00:13]} 50. Kd3 {[%emt 0:01:40]} Kb4 {[%emt 0:00:16]} 51. Bd1 {[%emt 0:01:49]} Bd6 {[%emt 0:00:11]} 52. Bc2 Ka3 {[%emt 0:01:05]} 53. Bb1 {[%emt 0:04:01]} Kb2 {[%emt 0:00:45]} 54. Bc2 {[%emt 0:00:14]} Bc5 {[%emt 0:00:07]} 55. Bd1 {[%emt 0:01:18]} Bd6 {[%emt 0:03:41]} 56. Kd2 {[%emt 0:00:40]} b4 {[%emt 0:00:31]} 57. Kd3 {[%emt 0:02:03]} h5 {[%emt 0:02:25]} 58. Kc4 {[%emt 0:00:41]} hxg4 {[%emt 0:00:15]} 59. hxg4 {[%emt 0:00:03]} Kc1 {[%emt 0:00:24]} 60. Ba4 {[%emt 0:00:27]} Kd2 {[%emt 0:00:26]} 61. Bb3 {[%emt 0:00:57]} Ke2 {[%emt 0:00:39]} 62. Bc2 {[%emt 0:00:25]} Kxf3 {[%emt 0:00:12]} 63. Bxg6 {[%emt 0:00:08]} Kxg4 {[%emt 0:00:10]} 64. Bc2 {[%emt 0:00:17]} f5 {[%emt 0:00:15]} 65. Bd1+ {[%emt 0:00:49]} Kg3 {[%emt 0:00:12]} 66. Kd3 {[%emt 0:00:25]} Kf2 {[%emt 0:01:24]} 67. Kd2 {[%emt 0:00:12]} e4 {[%emt 0:00:11]} 68. Bh5 {[%emt 0:00:47]} f4 {[%emt 0:02:24]} 69. Kd1 {[%emt 0:00:48]} f3 {[%emt 0:00:26]} 70. Be8 {[%emt 0:00:21]} e3 {[%emt 0:00:14]} 71. Bb5 {[%emt 0:00:04]} e2+ {[%emt 0:00:13]} 72. Bxe2 {[%emt 0:00:03]} fxe2+ {[%emt 0:00:04]} 73. Kc2 {[%emt 0:00:09]} e1=Q {[%emt 0:00:23]} 0-1

[Event "Guimaraes Open 2019"]
[Site "Guimaraes"]
[Date "2019.08.31"]
[Round "6.30"]
[White "Bukhteeva, Viktoria"]
[Black "Raro Gualda, Javier"]
[Result "1-0"]
[WhiteElo "2128"]
[BlackElo "1824"]
[Annotator "TA"]
[PlyCount "77"]
[EventDate "2019.08.28"]
[EventType "swiss"]
[EventCountry "POR"]
[SourceTitle "playchess.com"]
[Source "ChessBase"]
[SourceQuality "1"]

{[%evp 15,77,-8,0,-8,0,0,19,4,58,57,59,68,62,70,65,12,106,78,104,95,112,110,123,122,163,158,145,138,159,165,290,290,287,287,291,291,281,276,288,254,334,314,295,309,309,306,298,271,416,387,494,531,519,489,29988,29977,29989,29990,29990,29991,29994,29995,29995,29996]} 1. d4 Nf6 2. Bf4 d5 3. e3 c5 4. c3 Nc6 5. Nd2 e6 6. Ngf3 Bd6 7. Bg3 O-O 8. Bd3 b6 9. Qe2 {D02: 1 d4 d5 2 Nf3 sidelines, including 2...Nf6 3 g3 and 2...Nf6 3 Bf4} Bb7 10. Rd1 Qc7 $146 (10... Re8 11. e4 Be7 12. e5 Nh5 13. h4 cxd4 14. Nxd4 Nxg3 15. fxg3 Bc5 16. N2f3 f5 {½-½ (45) Esipenko,A (2593)-Karjakin,S (2753) St Petersburg 2018}) 11. e4 {Black must now prevent e5.The position is equal.} dxe4 (11... Nd7 $11) 12. Nxe4 $14 Nxe4 13. Qxe4 {[%csl Gd3][%cal Re4h7]} g6 14. dxc5 bxc5 15. Qh4 (15. Bxd6 $14 Qxd6 16. Ba6) 15... Ne5 {[#]} (15... Rad8 $1 $11) 16. Ng5 $1 $40 {[%csl Gg5][%cal Rh4h7][%mdl 128] White attacks with force.} h5 17. Be4 {Strongly threatening Rxd6!} Bxe4 18. Nxe4 Be7 19. Qf4 f6 20. Qh6 {And now f4 would win.} Rf7 21. O-O Rg7 22. Rfe1 Qc6 {[#]} (22... Rd8 $142 23. Rxd8+ Qxd8) 23. Nxf6+ $1 $18 {[%mdl 512]} Bxf6 24. Bxe5 Bxe5 25. Rxe5 Qb6 26. b3 Rf8 27. Qe3 Qa5 28. Rxc5 Qxa2 29. Qxe6+ Kh7 30. f3 Qc2 31. Rdd5 {Threatening mate with Rxh5+!} Rgf7 (31... Qc1+ {was worth a try.} 32. Kf2 Qc2+ 33. Kg3 Qxb3) 32. Rd7 (32. Qe1 Qxb3 33. Qe4 Qb6 $18) 32... Rxd7 33. Qxd7+ {[%mdl 4160] Endgame Double Attack. KQR-KQR} Kh6 {Threatens to win with ...Qe2.} 34. Rc7 {Qh7+ would kill now.} Qe2 (34... Qc1+ $18 35. Kf2 h4 36. Qg7+ (36. Rxa7 Rf7 $11) 36... Kg5 37. Qe7+ (37. Qxf8 Qd2+ 38. Kf1 Qd1+ 39. Kf2 Qd2+ 40. Kf1 Qd1+ 41. Kf2 Qd2+ $11) 37... Rf6) 35. Qg7+ {[%mdl 64] Double Attack. White mates.} Kg5 {[#]} 36. h4+ $1 {[%mdl 64] Decoy} Kxh4 37. Rc4+ Kg5 38. Qxf8 {[%csl Gc4][%cal Rf8f4]} Qe1+ 39. Kh2 {Accuracy: White = 89%, Black = 49%.} 1-0

[Event "Guimaraes Open 2019"]
[Site "Guimaraes"]
[Date "2019.08.31"]
[Round "6.31"]
[White "Gomez Peco, David"]
[Black "Guimaraes, Alvaro Jose"]
[Result "1-0"]
[WhiteElo "2104"]
[BlackElo "1796"]
[Annotator "TA"]
[PlyCount "51"]
[EventDate "2019.08.28"]
[EventType "swiss"]
[EventCountry "POR"]
[SourceTitle "playchess.com"]
[Source "ChessBase"]
[SourceQuality "1"]

{[%evp 9,51,33,40,40,39,38,38,39,27,35,52,48,50,62,131,79,78,70,151,153,142,176,147,91,139,50,197,119,118,108,464,452,345,199,202,196,384,196,1697,1697,1708,1704,1649,1525]} 1. e4 e6 2. d4 d5 3. Bd3 Nf6 4. e5 Nfd7 5. f4 (5. c3 c5 6. Nf3 Nc6 7. O-O Qb6 8. Bc2 Be7 9. a3 a5 10. Re1 f6 11. exf6 Nxf6 12. Qd3 Bd7 13. Nbd2 cxd4 14. cxd4 O-O 15. b3 Rac8 {1-0 (57) Onischuk,V (2623)-Krishna,C (2380) Bastia 2017}) 5... c5 6. c3 $1 {C01: French: Exchange Variation} Nc6 7. Nf3 Qb6 {[%cal Rc5d4]} 8. Bc2 {White is slightly better.} Be7 9. O-O cxd4 10. cxd4 f5 11. Nc3 a6 $146 {[#]} ({Black should play} 11... O-O $14) ({Predecessor:} 11... O-O 12. Kh1 Qd8 {0-1 (42) Suarez Roa,J (2048)-Tauriainen,M (2103) Pardubice 2017}) 12. Kh1 (12. Bxf5 $142 $1 {[%mdl 512]} exf5 13. Nxd5) 12... O-O 13. Rg1 Kh8 {[#]} (13... Qd8 $14) 14. g4 $1 $16 g6 15. gxf5 gxf5 16. a3 (16. Be3 $142) 16... Qd8 17. Be3 (17. Ng5 $16 Bxg5 18. fxg5 (18. Rxg5 Rg8 $14)) 17... Nb6 (17... Rg8 $14) 18. Qf1 (18. Ng5 $18 {Threatens to win with Qh5!} Bxg5 19. fxg5 (19. Rxg5 Rg8 $16)) 18... Bd7 19. Bf2 (19. Qg2 Rg8 $14) 19... Rc8 $2 {[%mdl 8192]} (19... Qe8 $16 {is a better chance.}) 20. Qh3 $18 ({Worse is} 20. Qg2 Rg8 $14) 20... Qe8 21. Ng5 (21. Nh4 $142 {Strongly threatening Ng6+.} Bxh4 22. Bxh4 (22. Qxh4 Rf7 $16)) 21... Bxg5 22. Rxg5 {Black must now prevent Rag1.} ({Weaker is} 22. fxg5 Ne7 $11) 22... Qf7 $2 (22... Ne7 23. Bh4 (23. Qh6 Qf7 $14) 23... Bc6) 23. Rag1 $40 {[%mdl 128] White goes for the king.} (23. Bh4 $142) 23... Be8 $2 {[#]} (23... Rg8 24. Bh4 Ne7) 24. Qh6 $1 {[%mdl 512] Threatening mate with Rg7.White is clearly winning.} Rc7 25. Bh4 Nxd4 26. R5g2 {Accuracy: White = 60%, Black = 30%.} 1-0